000 00653nam a22002297a 4500
003 UA-OsUOA
001 72223
007 ta
008 20101230b un ||||| |||| 00| 0 ukr d
100 _aСмоліна С
700 _aВ.
090 _a81
_bС51
942 _cSA
040 _aUA-OsUOA
_bukr
_cUA-OsUOA
_dUA-OsUOA
245 _aМетодика формування іншомовної лексичної компетенції
300 _aС.16-24
955 _a0
041 _aukr
080 _a81
773 0 _w72221
650 7 _a8 Мовознавство. Художня література. Літературознавство
_2UDC
999 _c358506
_d358506